LEADER 01318nam a2200265 u 4500 001 000000041067 003 CaOOAMICUS 005 20070226114155.0 008 980925s1994 it u000 u ita u 035 $a10804279 040 $aMSA$bita 100 1 $aCassandro, Giovanni,$d1913-1989.$0(OLS)http://pul/name/30265 245 10$aLex cum moribus :$bsaggi di metodo e storia giuridica meridionale /$cGiovanni Cassandro ; prefazione di Mario Caravale ; presentazione di Adriana Campitelli. 260 $aBari :$bCacucci,$c1994. 300 $a2 v. ;$c25 cm 650 4$aDiritto$xStoria.$0(OLS)http://pul/subject/836 700 1 $aCampitelli, Adriana.$0(OLS)http://pul/name/11704 700 1 $aCaravale, Mario.$0(OLS)http://pul/name/14126 850 $aPUL 852 $aPUL$W1$xSL Diritto e Scienze Sociali 1$y4$m208 A 3.11.1$j157549$nBK-PRI$av.1$qStampati$B55694$CPULBib$Z2$F55694 $H72900 $81 852 $aPUL$W1$xSL Diritto e Scienze Sociali 1$y4$m208 A 3.11.2$j157550$nBK-PRI$av.2$qStampati$B157019$CPULBib$Z2$F157019 $H72901 $81 941 1 $a8 961 $aINV: 72900, 72901 996 $6245$aLex cum moribus :$bsaggi di metodo e storia giuridica meridionale$9(OLS)http://pul/title/55402 996 $6260$aBari :$bCacucci$9(OLS)http://pul/publisher/60235 LEADER 01555nam a2200337 a 4500 001 000000168451 003 CaOOAMICUS 005 20180621113257.0 008 180621s2017 it u001 u ita r 020 $a978-88-308-1609-1* 032 $aLibriCat 040 $aPUL$bita 082 04$a262.001 100 1 $aMalfatti, Andrea.$0(OLS)http://pul/name/108500 245 12$aL'autorità nella Chiesa secondo i documenti del dialogo ecumenico internazionale /$cAndrea Malfatti ; prefazione di Roberto Giraldo, ofm ; postfazione di Riccardo Burigana. 260 $aAssisi :$bCittadella,$c2017. 300 $a490 p. ;$c21 cm. 490 1 $aStudi e ricerche. Sezione teologica 504 $aBibliografia p. [467]-484. 650 4$aEcumenismo.$0(OLS)http://pul/subject/995 700 1 $aGiraldo, Roberto,$cO.F.M.,$dn. 1944.$0(OLS)http://pul/name/6169 700 1 $aBurigana, Riccardo,$d1964-$0(OLS)http://pul/name/35943 830 0$aStudi e ricerche (Cittadella).$pSezione teologica.$0(OLS)http://pul/title/143126 850 $aPUL 852 $aPUL$W1$xSL Religione 3$y85$m230 COLL 11.1.31$j191908$qDDC 21$B196358$CPULBib$Z2$F196358 $H131035 $81 941 1 $a9 996 $6020$a978-88-308-1609-1*$9(OLS)http://pul/number/164426 996 $6082$a262.001$9(OLS)http://pul/classification/3127 996 $6245$aL'autorità nella Chiesa secondo i documenti del dialogo ecumenico internazionale$9(OLS)http://pul/title/208829 996 $6260$aAssisi :$bCittadella$9(OLS)http://pul/publisher/49668